000
00266nam a22000977a 4500
005
20250901165418.0
008
210325b ||||| |||| 00| 0 eng d
050
_a
HF6146.I58 .S73 2005
245
_a
Advertising, promotion, and new media
_c
STAFFORD, MARLA R.
942
_2
lcc
999
_c
3541
_d
3541